000 00455nam a2200169Ia 4500
003 GCL
008 140319s9999 xx 000 0 eng d
040 _aGCL /
_cGCL
082 0 4 _a150.195
_bG G
100 1 _aGARRETT, HENRY E.
245 1 0 _aGENERAL PSYCHOLOGY /
_cGARRETT, HENRY E.
700 1 _aBONNER, HUBERT
260 _a[S.N] :
_bEURASIA PUBLISHING HOUSE(PVT.) LTD ،
_c1961
300 _a649 P
650 0 4 _aGENERAL PSYCHOLOGY
942 _2ddc
_cBK
999 _c13490
_d13490